[Event "Olympiad Women 2024"]
[Site "Budapest HUN"]
[Date "2024.09.19"]
[Round "8.33"]
[Board "1"]
[White "Wafa, Shrook"]
[Black "Ortez, Andrea"]
[Result "1-0"]
[WhiteElo "2137"]
[BlackElo "1948"]
[PlyCount "63"]
[EventDate "2024.09.11"]
[WhiteTeam "Egypt"]
[BlackTeam "El Salvador"]
[WhiteTeamCountry "EGY"]
[BlackTeamCountry "ESA"]

1. e4 c5 2. Nf3 Nc6 3. d4 cxd4 4. Nxd4 g6 5. c4 Nf6 6. Nc3 Nxd4 7. Qxd4 d6 8. Be2 Bg7 9. O-O O-O 10. Bg5 a5 11. Rfd1 Be6 12. Rac1 a4 13. Qe3 Qa5 14. Bh6 $146 ({RR} 14. Nd5 Bxd5 15. exd5 Rac8 16. Bf1 Rfe8 17. Qa3 Ne4 18. b4 Qa8 19. Be3 b5 20. c5 dxc5 21. Bxb5 cxb4 22. Qxb4 Rxc1 23. Rxc1 Rb8 24. Bf4 Nd6 25. Bxd6 exd6 26. Qxa4 Qxd5 27. Bc4 Qd4 28. Rd1 Qc5 {½-½ Borsos,B (2230)-Zochowski,K (2120) Krakow op-A 25th 2014 (8)}) ({RR} 14. h3 Rfc8 15. Nd5 Bxd5 16. exd5 Qb4 17. Rb1 Re8 18. Qd3 Nd7 19. Bd2 Qb6 20. b4 axb3 21. axb3 Ra2 22. Be3 Qb4 23. Bd2 Qa3 24. b4 Qa7 25. Be3 b6 26. Bf1 Ra8 27. Qe4 Bf6 28. h4 h5 {½-½ Mekhitarian,K (2554)-Melkumyan,H (2640) Titled Tue 13th Feb Late 2024 (11)}) 14... Rfc8 15. Bxg7 Kxg7 16. Nb5 Qb4 17. b3 axb3 18. axb3 Bd7 19. Nd4 Qc5 20. h3 Ra3 21. Qc3 e5 22. Nc2 Nxe4 23. Qf3 Ng5 24. Qxb7 Rc7 25. b4 Nxh3+ 26. gxh3 Rg3+ 27. Kf1 Bxh3+ 28. Ke1 Rg1+ 29. Kd2 Qxf2 30. Qxc7 Rg3 31. Rf1 Bxf1 32. Rxf1 1-0

[Event "Olympiad Women 2024"]
[Site "Budapest HUN"]
[Date "2024.09.19"]
[Round "8.33"]
[Board "2"]
[White "Garcia, Angie"]
[Black "Wafa, Shahenda"]
[Result "0-1"]
[WhiteElo "2015"]
[BlackElo "2102"]
[PlyCount "62"]
[EventDate "2024.09.11"]
[WhiteTeam "El Salvador"]
[BlackTeam "Egypt"]
[WhiteTeamCountry "ESA"]
[BlackTeamCountry "EGY"]

1. e4 c5 2. Nf3 Nc6 3. Bb5 g6 4. Bxc6 dxc6 5. d3 Bg7 6. h3 e5 7. Be3 Qe7 8. Nbd2 Nf6 9. O-O O-O ({RR} 9... Nd7 10. a3 O-O 11. Qb1 b6 12. b4 Re8 13. Re1 Bf8 14. c3 Ba6 15. Nc4 Qe6 16. Qa2 f6 17. Reb1 Red8 18. a4 cxb4 19. cxb4 Bxc4 20. dxc4 a5 21. bxa5 bxa5 22. Qc2 Nc5 23. Rb6 Na6 24. Bd2 {0-1 Gadimbayli,A (2524)-Melkumyan,H (2645) Titled Tue 22nd Nov Late 2022 (6)}) 10. a3 Rd8 $146 ({RR} 10... b6 11. Nc4 Nd7 12. Qe1 Ba6 13. Nfd2 f5 14. exf5 gxf5 15. f4 Rae8 16. Qg3 e4 17. Rae1 Nf6 18. b3 Qd8 19. Ne5 Nh5 20. Qh2 exd3 21. c4 Bxe5 22. fxe5 Re6 23. g4 Ng7 24. Kh1 Qe7 25. Nf3 {½-½ Degerman,L (2460)-Rabiega,R (2455) Budapest FS09 GM 1993 (11)}) ({RR} 10... h6 11. Qe2 Be6 12. Rab1 Nd7 13. b4 cxb4 14. axb4 b6 15. Rfe1 a5 16. bxa5 bxa5 17. d4 exd4 18. Bxd4 c5 19. Bxg7 Kxg7 20. e5 a4 21. Ne4 a3 22. Qe3 a2 23. Ra1 Rfb8 24. Qc3 Qd8 25. Nfd2 {1-0 Adewumi,T (2295)-Nemeth,J (2137) Titled Tue 17th Oct Late 2023 (10)}) ({RR} 10... Ne8 11. Nc4 Nc7 12. Qd2 Nb5 13. c3 Rd8 14. b4 cxb4 15. axb4 Bd7 16. Rfe1 f6 17. Na5 b6 18. Nb3 Be6 19. Qc2 Rac8 20. c4 Qxb4 21. Bd2 Qd6 22. cxb5 cxb5 23. Qb1 Qxd3 24. Qxd3 Rxd3 25. Nc1 {½-½ Bricard,E (2485)-Degraeve,J (2480) FRA-ch Strasbourg 1992 (2)}) ({RR} 10... a5 11. Nc4 Nd7 12. a4 b6 13. Qd2 Ba6 14. b3 f6 15. Bh6 Bxh6 16. Qxh6 Qg7 17. Qe3 Rae8 18. Nfd2 f5 19. f3 f4 20. Qe1 g5 21. Nd6 Rb8 22. Nf5 Qf6 23. Nc4 Rfd8 24. Qc3 Bxc4 25. bxc4 {½-½ Alvarez Serrano,C (1857)-Orantes Taboada,M (1963) ESP-ch U16 Salobrena 2012 (8)}) 11. Qe2 Nh5 12. Nh2 Nf4 13. Qf3 Ne6 14. Rfb1 Nd4 15. Qd1 f5 16. exf5 gxf5 17. Nhf3 Ne6 18. Nc4 e4 19. Nfe5 f4 20. Bd2 f3 21. dxe4 fxg2 22. c3 Ng5 23. Nf3 Nxh3+ 24. Kh2 Qxe4 25. Qb3 Be6 26. Re1 Qxf3 27. Rxe6 g1=Q+ 28. Rxg1 Nxg1 29. Ne3 Qxf2+ 30. Kh1 Kh8 31. Qxb7 Nf3 0-1

[Event "Olympiad Women 2024"]
[Site "Budapest HUN"]
[Date "2024.09.19"]
[Round "8.33"]
[Board "3"]
[White "Romany, Joy"]
[Black "Zavala Galindo, Alejandra Beatriz"]
[Result "1/2-1/2"]
[WhiteElo "2012"]
[BlackElo "1870"]
[PlyCount "70"]
[EventDate "2024.09.11"]
[WhiteTeam "Egypt"]
[BlackTeam "El Salvador"]
[WhiteTeamCountry "EGY"]
[BlackTeamCountry "ESA"]

1. d4 d6 2. c4 e5 3. d5 f5 4. Nc3 Nf6 5. g3 g6 6. Bg2 Bg7 7. Nh3 a5 8. O-O O-O 9. e4 ({RR} 9. Qc2 Na6 10. a3 Nc5 11. Bd2 a4 12. Rab1 Bd7 13. Be3 b6 14. Bxc5 bxc5 15. Ng5 Qe7 16. Ne6 Bxe6 17. dxe6 Ra7 18. Rfd1 Qxe6 19. Nb5 Ra5 20. Nxc7 Qe7 21. Nb5 Rd8 22. Rd2 e4 23. Rbd1 Ne8 {0-1 Silva,J (1859)-Aranda,J (2135) Titled Tue 13th Aug Late 2024 (3)}) 9... Na6 10. f4 $146 ({RR} 10. Qe2 Nc5 11. f3 fxe4 12. Nxe4 Ncxe4 13. fxe4 Bg4 14. Qd3 Bd7 15. Bd2 Qe8 16. Rae1 b6 17. Nf2 Rf7 18. Bh3 Bxh3 19. Nxh3 h6 20. Rf3 Qd7 21. Kg2 Raf8 22. Ref1 Qg4 23. Nf2 Qh5 24. Nd1 g5 {½-½ Ulms,S (2100)-Lauterbach,I (2165) BL 9798 (Women) 1997 [5]}) 10... Ng4 11. Nf2 Nxf2 12. Rxf2 Nc5 13. Be3 Nxe4 14. Nxe4 fxe4 15. Bxe4 exf4 16. Bxf4 Bf5 17. Bg2 Qd7 18. Qd2 b6 19. Raf1 Bh3 20. Bh6 Bxg2 21. Kxg2 Rxf2+ 22. Rxf2 Rf8 23. Rxf8+ Bxf8 24. Bxf8 Kxf8 25. Qf4+ Kg8 26. Qe4 Kg7 27. h4 Qf7 28. b3 Qf6 29. Qe8 Qb2+ 30. Kh3 Qf6 31. Qd7+ Kh6 32. Kg2 Qb2+ 33. Kh3 Qf6 34. Kg2 Qb2+ 35. Kh3 Qf6 1/2-1/2

[Event "Olympiad Women 2024"]
[Site "Budapest HUN"]
[Date "2024.09.19"]
[Round "8.33"]
[Board "4"]
[White "Barahona, Dalila Yamileth"]
[Black "Allam, Yara"]
[Result "0-1"]
[WhiteElo "1833"]
[BlackElo "1920"]
[PlyCount "72"]
[EventDate "2024.09.11"]
[WhiteTeam "El Salvador"]
[BlackTeam "Egypt"]
[WhiteTeamCountry "ESA"]
[BlackTeamCountry "EGY"]

1. c4 e6 2. Nf3 Nf6 3. g3 d5 4. b3 Be7 5. Bg2 O-O 6. O-O c5 7. Bb2 Nc6 8. d4 Qc7 ({RR} 8... dxc4 9. bxc4 Qb6 10. Qb3 Rd8 11. e3 Bd7 {½-½ Gavrikov,V (2575)-Sax,G (2570) Bundesliga 9798 1997 (2.1)}) ({RR} 8... dxc4 9. bxc4 Qb6 10. Qb3 Rd8 11. e3 Ne4 12. Nc3 Nxc3 13. Bxc3 Qxb3 14. axb3 Rb8 15. Rfd1 Bf6 16. Ne5 Nxe5 17. dxe5 Rxd1+ 18. Rxd1 Be7 19. Ba5 b6 20. Bc3 b5 21. Ba5 bxc4 22. bxc4 Kf8 23. Bc6 {½-½ Hadjiyiannis,C (1685)-Rousis,C (1856) CYP-ch op Nicosia 2022 (2)}) 9. Na3 $146 ({RR} 9. Nc3 Rd8 10. cxd5 Nxd5 11. Nxd5 exd5 12. dxc5 Bxc5 13. Rc1 Bb6 14. Qc2 Qe7 15. a3 Bg4 16. Rfe1 Rac8 17. Qd2 Qe6 18. Ng5 Qf5 19. Nf3 d4 20. Nh4 Qb5 21. b4 a5 22. Bxc6 Rxc6 23. Rxc6 bxc6 {1-0 Altantuya,B (1946)-Yakimova,M (1678) Wch U12 Girls 2016 (4)}) ({RR} 9. dxc5 dxc4 10. Qc1 cxb3 11. axb3 Nd7 12. b4 Bf6 13. Bxf6 Nxf6 14. Qb2 Bd7 15. Nbd2 a6 16. Nc4 Nd5 17. Nfe5 Ndxb4 18. Nxd7 Qxd7 19. Nb6 Qe7 20. Nxa8 Rxa8 21. Rfc1 Rd8 22. Rc4 Nd5 23. Rb1 f5 {1-0 Criado Jimenez,J-Alfaya Martinez,E (1584) San Sebastian de los Reyes op 18th 2016 (4)}) 9... a6 10. Rc1 Rd8 11. e3 Qa5 12. Qe1 Qxe1 13. Rfxe1 Nb4 14. Ne5 Nxa2 15. Rcd1 Nb4 16. dxc5 Bxc5 17. g4 Be7 18. g5 Nd7 19. Nxd7 Bxd7 20. cxd5 exd5 21. Bxd5 Nxd5 22. Rxd5 Be6 23. Rd4 Bxb3 24. h4 Bc5 25. Rg4 b5 26. Nb1 a5 27. Nc3 Bb4 28. Rb1 Be6 29. Rg2 Bxc3 30. Bxc3 b4 31. Bd4 Rdc8 32. f4 b3 33. f5 Bd5 34. Rg4 a4 35. g6 fxg6 36. fxg6 h6 0-1

[Event "Olympiad Women 2024"]
[Site "Budapest HUN"]
[Date "2024.09.19"]
[Round "8.34"]
[Board "1"]
[White "Wagener, Anna"]
[Black "Mayorga Araya, Sofia"]
[Result "1/2-1/2"]
[WhiteElo "2251"]
[BlackElo "2059"]
[PlyCount "73"]
[EventDate "2024.09.11"]
[WhiteTeam "Luxembourg"]
[BlackTeam "Costa Rica"]
[WhiteTeamCountry "LUX"]
[BlackTeamCountry "CRI"]

1. e4 c5 2. Nf3 d6 3. Bb5+ Nd7 4. O-O Ngf6 5. Re1 e6 6. c3 a6 7. Ba4 b5 8. Bc2 c4 9. a4 Bb7 10. axb5 axb5 11. Rxa8 Qxa8 12. Na3 Bxe4 13. Bxe4 Nxe4 14. Nxb5 Qb7 15. d3 $146 ({RR} 15. Qe2 d5 16. Nbd4 Ndc5 17. Ne5 Bd6 18. Ndf3 Qb6 19. Qe3 Qa6 20. b4 cxb3 21. d3 Nf6 22. Qd4 O-O 23. Bg5 Nfd7 24. Nxd7 Nxd7 25. c4 dxc4 26. dxc4 Nc5 27. h3 Rb8 28. Bc1 Na4 29. Rd1 Be7 {0-1 Madaminov,M (2328)-Vidit,S (2727) Titled Tuesday intern op 07th Dec blitz 2021 (5)}) 15... Qxb5 16. Rxe4 cxd3 17. Rb4 Qa6 18. Ra4 Qc8 19. Be3 Be7 20. Qxd3 O-O 21. Ra7 Rd8 22. Qb5 Bf6 23. h3 h6 24. Bd4 e5 25. Be3 Nc5 26. Bxc5 dxc5 27. Qc4 Rd1+ 28. Kh2 e4 29. Qxf7+ Kh8 30. Nh4 Qb8+ 31. g3 e3 32. Rb7 Qd8 33. Ng6+ Kh7 34. Nf8+ Kh8 35. Ng6+ Kh7 36. Nf8+ Kh8 37. Ng6+ 1/2-1/2

[Event "Olympiad Women 2024"]
[Site "Budapest HUN"]
[Date "2024.09.19"]
[Round "8.34"]
[Board "2"]
[White "Rodriguez Arrieta, Maria Elena"]
[Black "Bakalarz, Grazyna"]
[Result "1-0"]
[WhiteElo "1941"]
[BlackElo "1928"]
[PlyCount "101"]
[EventDate "2024.09.11"]
[WhiteTeam "Costa Rica"]
[BlackTeam "Luxembourg"]
[WhiteTeamCountry "CRI"]
[BlackTeamCountry "LUX"]

1. e4 e5 2. Nf3 Nf6 3. Nxe5 d6 4. Nf3 Nxe4 5. Nc3 Nxc3 6. dxc3 Be7 7. Be3 O-O 8. Qd2 Nd7 9. O-O-O Nf6 10. h3 Be6 ({RR} 10... c5 11. Bd3 b5 12. c4 bxc4 13. Bxc4 Qb6 14. Rhe1 Rb8 15. c3 d5 16. Bb3 Qa5 17. Bf4 Rb7 18. c4 Qxd2+ 19. Rxd2 d4 20. Rde2 Be6 21. Ng5 Rb6 22. Nxe6 fxe6 23. Rxe6 Rxe6 24. Rxe6 Kf7 25. Re2 {1-0 Kostic,V (2056)-Ardila,O (1971) Titled Tue 2nd Jul Late 2024 (1)}) 11. Kb1 c5 12. Ng5 Bd7 13. Be2 $146 ({RR} 13. Bd3 Bc6 14. Rhe1 Re8 15. Bf4 Bf8 16. Bf5 Qc7 17. a3 Rxe1 18. Rxe1 Re8 19. Rxe8 {½-½ Markgraf,A (2486)-Malek,D (2342) BL2-Nord 1920 2019 (2.3)}) ({RR} 13. f4 Bc6 14. Be2 Qa5 15. h4 Rad8 16. h5 h6 17. Nf3 Ne4 18. Qd3 Rfe8 19. c4 Bf6 20. Nd2 Qb6 21. Nb3 a5 22. g4 a4 23. g5 hxg5 24. fxg5 Nxg5 25. Bxg5 Bxg5 26. Rhg1 Be4 27. Qc3 axb3 {0-1 Ibarra Chami,L (2447)-Shabalov,A (2528) Mexico City Fenamac GM 1st 2021 (4)}) ({RR} 13. h4 Rc8 14. f3 d5 15. g4 d4 16. cxd4 c4 17. c3 Ba4 18. Re1 Qa5 19. Ne4 Nd5 20. Bf2 Bb3 21. axb3 cxb3 22. Bd3 Nb4 23. Kc1 Qa1+ 24. Bb1 Rfe8 25. Kd1 Qxb1+ 26. Ke2 Qc2 27. cxb4 Bxb4 {0-1 Devallee,J (2305)-Di Nicolantonio,L (2359) Metz op 37th 2019 (6)}) 13... Bc6 14. Rhg1 d5 15. Qe1 Qa5 16. Nf3 Ne4 17. Bd3 Bf6 18. Bxe4 dxe4 19. Nd2 Bd5 20. c4 Qb4 21. Nb3 Qxc4 22. Bxc5 Rfc8 23. Qb4 b6 24. Qxc4 Bxc4 25. Bd4 Bg5 26. Nd2 Bd5 27. Nf1 Be6 28. Ng3 f5 29. Nh5 g6 30. Nf6+ Bxf6 31. Bxf6 Kf7 32. Bg5 Rc6 33. h4 Rac8 34. Rd2 Rc5 35. Rgd1 Ra5 36. b3 Rac5 37. c4 b5 38. Be3 R5c7 39. cxb5 Rb7 40. Rd8 Rxb5 41. Rxc8 Bxc8 42. Bxa7 f4 43. Kb2 Bf5 44. a4 Rb7 45. Bc5 Be6 46. b4 h6 47. Kc3 g5 48. hxg5 hxg5 49. b5 Bg4 50. Re1 Bf5 51. Kb4 1-0

[Event "Olympiad Women 2024"]
[Site "Budapest HUN"]
[Date "2024.09.19"]
[Round "8.34"]
[Board "3"]
[White "Kremer, Nadine"]
[Black "Bogantes Robleto, Karina"]
[Result "1-0"]
[WhiteElo "1898"]
[BlackElo "1766"]
[PlyCount "73"]
[EventDate "2024.09.11"]
[WhiteTeam "Luxembourg"]
[BlackTeam "Costa Rica"]
[WhiteTeamCountry "LUX"]
[BlackTeamCountry "CRI"]

1. e4 c5 2. Nf3 g6 3. d4 cxd4 4. Nxd4 Bg7 5. Nc3 Nc6 6. Be3 Nf6 7. Bc4 Qa5 8. O-O O-O 9. Bb3 d6 10. Nd5 Nxd5 11. exd5 Nxd4 12. Bxd4 Bd7 13. Bxg7 Kxg7 14. Qd4+ Kg8 15. Rae1 $146 ({RR} 15. Rfe1 Rfe8 16. Re3 f6 17. Rae1 Kf8 18. c3 Qd8 19. h4 a5 20. Bc2 Qc8 21. Rxe7 Qc5 22. Qxf6+ {1-0 Ibarra Jerez,J (2564)-Navarro Lopez Menchero,D (2293) Titled Tuesday intern op 6th Nov blitz 2018 (1)}) ({RR} 15. Rfe1 Rfe8 16. Re3 f6 17. Rae1 Kf7 18. c3 Qd8 19. h4 b6 20. Bc2 Rg8 21. h5 gxh5 22. Qe4 Rg7 23. Qxe7+ Kg8 24. Rg3 Bg4 25. Qe4 f5 26. Qe6+ Kh8 27. Bxf5 Qg5 28. Bxg4 hxg4 29. Qxd6 Rd8 {½-½ Ibarra Jerez,J (2559)-Poormosavi,S (2380) Titled Tue 4th Jun Late 2024 (4)}) ({RR} 15. Rfe1 Rfe8 16. Re3 Qb6 17. Qh4 Qd8 18. Qh6 e5 19. dxe6 Bxe6 20. Rae1 Qd7 21. h4 Bxb3 22. axb3 Rxe3 23. Qxe3 h5 24. Qe7 Rd8 25. Re3 a6 26. g3 b5 27. c3 Qxe7 28. Rxe7 d5 29. Ra7 Rd6 {1-0 Vittal,S (1941)-Pena Gonzalez,C (1845) Pan American-ch Hybrid U18 Girls 31st 2021 (3)}) 15... Rfe8 16. Re3 Qc5 17. Qf4 e5 18. Qf6 b5 19. h4 h5 20. c3 e4 21. Rd1 Re5 22. Bc2 Rae8 23. b4 Qb6 24. Qf4 Rf5 25. Qh6 Rfe5 26. Rde1 Qd8 27. Qf4 Bf5 28. Bxe4 Bxe4 29. Rxe4 Qc7 30. R4e3 Kg7 31. Qd4 f6 32. f4 R5e7 33. Re6 Rxe6 34. dxe6 Re7 35. Re3 Qc6 36. f5 Qa6 37. Rg3 1-0

[Event "Olympiad Women 2024"]
[Site "Budapest HUN"]
[Date "2024.09.19"]
[Round "8.34"]
[Board "4"]
[White "Canales Chinchilla, Victoria"]
[Black "Lyon, Hannah Jane"]
[Result "1-0"]
[WhiteElo "1825"]
[BlackElo "1797"]
[PlyCount "84"]
[EventDate "2024.09.11"]
[WhiteTeam "Costa Rica"]
[BlackTeam "Luxembourg"]
[WhiteTeamCountry "CRI"]
[BlackTeamCountry "LUX"]

1. e4 c6 2. d4 d5 3. Nd2 dxe4 4. Nxe4 Nf6 5. Nxf6+ exf6 6. Be3 Bd6 7. Bd3 O-O 8. Ne2 Re8 9. Qd2 Nd7 10. O-O-O Nf8 11. h4 Be6 12. Kb1 b5 13. Rdg1 b4 $146 ({RR} 13... Bc7 14. h5 h6 15. g4 Ba5 16. Qd1 Qd5 17. Nc1 Qd7 18. f4 Bxa2+ 19. Nxa2 Rxe3 20. g5 fxg5 21. fxg5 Qe6 22. gxh6 Qxh6 23. Qg4 Rae8 24. Nc1 Re1 25. Rxe1 Rxe1 26. Rxe1 Bxe1 27. Nb3 Qd6 28. Qe4 {0-1 Czerwinska,M (2010)-Kubicka,A (2264) POL-chT 1st League 2020 (8.4)}) 14. g4 a5 15. f4 a4 16. Nc1 Bd5 17. Rh3 Qb6 18. b3 a3 19. g5 g6 20. f5 Bf4 21. Ne2 Rxe3 22. Rxe3 Re8 23. Rgg3 Rxe3 24. Rxe3 fxg5 25. fxg6 fxg6 26. h5 Kg7 27. hxg6 hxg6 28. Bc4 Bxe3 29. Qxe3 Bxc4 30. bxc4 Qd8 31. Kc1 Qf6 32. Qg3 Ne6 33. Qd6 Nf4 34. Qd7+ Kh6 35. Kd2 Kh5 36. Ng3+ Kh6 37. Ne4 Qf5 38. Qe8 Kg7 39. Qe7+ Kh6 40. Qe8 Kh5 41. Ng3+ Kg4 42. Nxf5 gxf5 1-0

[Event "Olympiad Women 2024"]
[Site "Budapest HUN"]
[Date "2024.09.19"]
[Round "8.35"]
[Board "1"]
[White "Antonova, Nadezhda"]
[Black "Wagenschuetz, Evelyn"]
[Result "1-0"]
[WhiteElo "1967"]
[BlackElo "2036"]
[PlyCount "109"]
[EventDate "2024.09.11"]
[WhiteTeam "Tajikistan"]
[BlackTeam "Ecuador"]
[WhiteTeamCountry "TJK"]
[BlackTeamCountry "ECU"]

1. Nf3 d5 2. e3 Nf6 3. c4 e6 4. Nc3 Be7 5. b3 c5 6. cxd5 exd5 7. d4 O-O 8. Bb2 ({RR} 8. Be2 b6 9. O-O Bb7 10. Bb2 Nbd7 11. Rc1 Rc8 12. Rc2 a6 13. Qa1 c4 14. Ne5 b5 15. e4 cxb3 16. axb3 dxe4 17. Rfc1 Nb6 18. d5 Nbxd5 19. Nxd5 Qxd5 20. Rxc8 Rxc8 21. Rxc8+ Bxc8 22. Qc1 Qc5 {0-1 Ribeiro,M (2244)-Wafa,H (2345) Abu Dhabi Masters Online 2024 (3)}) 8... Nc6 9. Be2 h6 $146 ({RR} 9... cxd4 10. Nxd4 Bc5 11. Ncb5 a6 12. Nxc6 bxc6 13. Nd4 Bb4+ 14. Kf1 Qd6 15. Qc2 Bd7 16. Rd1 Ba3 17. Ba1 Rfe8 18. Bd3 Bg4 19. Re1 c5 20. Nf5 Bxf5 21. Bxf5 h6 22. h4 Rad8 23. g4 d4 24. g5 {1-0 De Boer,B (2095)-Oord,R (1948) Groninger Combinatie op 2019 (5)}) ({RR} 9... cxd4 10. Nxd4 Ne5 11. O-O Bd7 12. Nf3 Nxf3+ 13. Bxf3 Bc6 14. Qd4 Qd7 15. Rfd1 Rfd8 16. Rac1 Qf5 17. Ne2 h6 18. Ng3 Qe6 19. Rc2 a5 20. a4 Bb4 21. Be2 Bf8 22. Bd3 Ne4 23. Bxe4 dxe4 24. Qxd8 {½-½ Rozum,I (2573)-Dzhumagaliev,Y (2410) RUS-ch rapid 2018 (11.16)}) ({RR} 9... Be6 10. O-O Rc8 11. dxc5 Bxc5 12. Rc1 Qe7 13. Nb5 a6 14. Bxf6 gxf6 15. Nbd4 Ne5 16. Nh4 Ng6 17. Nhf5 Qd7 18. Bd3 Bxd4 19. Rxc8 Rxc8 20. Nxd4 Rc3 21. Qd2 Qc8 22. Nxe6 fxe6 23. Bc4 Rxc4 24. bxc4 {1-0 Hearst,E-Brandts,P USA-ch New York 1954 (2)}) 10. O-O Bf5 11. Rc1 cxd4 12. Nxd4 Nxd4 13. Qxd4 Qa5 14. Qe5 Be6 15. Rfd1 Rfd8 16. a3 Bd6 17. Qd4 Bc5 18. Qh4 Be7 19. b4 Qb6 20. Nb5 Rd7 21. Qd4 Qxd4 22. Nxd4 Bd8 23. Nxe6 fxe6 24. Be5 Bb6 25. a4 a5 26. bxa5 Bxa5 27. Bb5 Rf7 28. Rc2 Ng4 29. Bg3 Bb6 30. Be2 Rxa4 31. Rb1 Ba5 32. h3 Nf6 33. Rc8+ Kh7 34. Bd3+ g6 35. Be5 Kg7 36. Ra8 Ra3 37. Bc2 Bb4 38. Rb8 Bc3 39. Bd6 Ra2 40. Bb3 Rb2 41. Rxb2 Bxb2 42. f3 Bc1 43. e4 Be3+ 44. Kh1 g5 45. g3 Kg6 46. Ba4 b6 47. e5 Nd7 48. Rd8 Rxf3 49. Bc2+ Kf7 50. Rxd7+ Ke8 51. Re7+ Kd8 52. Bd3 Rxg3 53. Bb5 Kc8 54. Bc6 Rg1+ 55. Kh2 1-0

[Event "Olympiad Women 2024"]
[Site "Budapest HUN"]
[Date "2024.09.19"]
[Round "8.35"]
[Board "2"]
[White "Vasquez Ramirez, Rocio"]
[Black "Saidova, Rukhshona"]
[Result "1/2-1/2"]
[WhiteElo "1981"]
[BlackElo "1873"]
[PlyCount "90"]
[EventDate "2024.09.11"]
[WhiteTeam "Ecuador"]
[BlackTeam "Tajikistan"]
[WhiteTeamCountry "ECU"]
[BlackTeamCountry "TJK"]

1. e4 e5 2. Nf3 Nc6 3. d4 exd4 4. Nxd4 Nf6 5. Nc3 Bc5 6. Nb3 Bb6 7. Bg5 Qe7 ({RR} 7... O-O 8. Qf3 Nd4 9. Nxd4 Bxd4 10. O-O-O Bxc3 11. bxc3 Re8 12. Bc4 d6 13. Bxf6 Qxf6 14. Qxf6 gxf6 15. Rhe1 f5 16. Bd5 fxe4 17. Bxe4 Re5 18. Bd5 Rxe1 19. Rxe1 Kf8 20. Re4 c6 21. Bb3 Bf5 22. Rf4 {½-½ Carlsen,M (2881)-Nakamura,H (2775) Wch Blitz 8th 2014 (10)}) 8. f3 $146 ({RR} 8. Bd3 Qe5 9. f4 Qe6 10. Qf3 d6 11. O-O-O Bd7 12. Nd5 O-O-O 13. Bxf6 gxf6 14. h3 Rhg8 15. Bc4 Qe8 16. Nxf6 Qe7 17. Nxg8 Rxg8 18. g4 Qf6 19. Rhf1 Be6 20. Bd5 Nd4 21. Nxd4 Bxd4 22. c3 Bxd5 {1-0 Azadmanesh,M-Visser,K NED-ch U18 Hengelo 1995 (3)}) ({RR} 8. Bd3 Nb4 9. O-O Qe5 10. Qd2 O-O 11. Kh1 Ng4 12. f4 Nxd3 13. Qxd3 Qe6 14. Qg3 Ne3 15. f5 Nxf1 16. Rxf1 Qc4 17. Rf4 g6 18. Bf6 Qc6 19. Qh4 h5 20. Qg5 Be3 21. fxg6 Bxf4 22. gxf7+ Kxf7 {1-0 Kropff,R (2052)-De Brito E Silva,W (1549) Sampa Chess Open 2024 (6.22)}) ({RR} 8. Qe2 Qe5 9. f4 Qe6 10. O-O-O O-O 11. e5 Ng4 12. Ne4 h6 13. h3 Ngxe5 14. fxe5 hxg5 15. c4 Qxe5 16. c5 Ba5 17. Qc4 b6 18. h4 Qf4+ 19. Kb1 gxh4 20. g3 hxg3 21. Bd3 Ne5 22. Nf6+ Qxf6 {½-½ Stasans,A (2122)-Meskenaite,R (1702) Plunge op 36th 2016 (3)}) ({RR} 8. Qf3 Bd4 9. Nd5 Qxe4+ 10. Qxe4+ Nxe4 11. Nxc7+ Kf8 12. Nxa8 Nxg5 13. Nxd4 Nxd4 14. O-O-O Nde6 15. Bb5 Ke7 16. Rhe1 Kd8 17. h4 h6 18. hxg5 hxg5 19. Bc4 b6 20. Bxe6 fxe6 21. Rxe6 Re8 22. Rxe8+ Kxe8 {1-0 Poyan Cobelli,A (1663)-Mangues Rubia,O (1375) Foment Martinenc op-C 21st 2019 (1)}) 8... Qe6 9. Qd2 a5 10. a4 Nb4 11. O-O-O h6 12. Bh4 c6 13. Kb1 O-O 14. g4 d5 15. g5 hxg5 16. exd5 Nfxd5 17. Bxg5 Nxc3+ 18. Qxc3 Qg6 19. h4 Bf5 20. Rh2 Nd5 21. Qc4 Ne3 22. Bxe3 Bxe3 23. Bd3 Rfd8 24. Re2 b5 25. axb5 cxb5 26. Qxb5 Rab8 27. Qe5 Bxd3 28. Rxd3 Qg1+ 29. Ka2 Re8 30. Qd6 a4 31. Nd2 Bxd2 32. Rdxd2 Qc1 33. Qa3 Rec8 34. h5 Rc6 35. c3 Qh1 36. Re4 Qxf3 37. Rxa4 Qxh5 38. Ra8 Rcc8 39. Rxb8 Rxb8 40. Rd4 Qh1 41. Qe7 Ra8+ 42. Kb3 Rb8+ 43. Ka2 Qa8+ 44. Kb1 Qh1+ 45. Ka2 Ra8+ 1/2-1/2

[Event "Olympiad Women 2024"]
[Site "Budapest HUN"]
[Date "2024.09.19"]
[Round "8.35"]
[Board "3"]
[White "Tolibova, Dilola"]
[Black "Miranda Vargas, Analia Karen"]
[Result "1-0"]
[WhiteElo "1831"]
[BlackElo "1891"]
[PlyCount "61"]
[EventDate "2024.09.11"]
[WhiteTeam "Tajikistan"]
[BlackTeam "Ecuador"]
[WhiteTeamCountry "TJK"]
[BlackTeamCountry "ECU"]

1. d4 Nf6 2. Nf3 g6 3. Bf4 Bg7 4. Nc3 d6 5. e4 O-O 6. Qd2 c5 7. Bh6 cxd4 8. Nxd4 Nc6 9. Bxg7 Kxg7 10. Be2 ({RR} 10. O-O-O Qb6 11. Nb3 Be6 12. h4 h5 13. f3 a5 14. Nd4 Nxd4 15. Qxd4 Qxd4 16. Rxd4 Rfc8 17. Be2 Nd7 18. Rd2 f6 19. Kb1 Rc5 20. Nb5 Bc4 21. Nd4 Kf7 22. Bxc4+ Rxc4 23. b3 Rc5 24. c4 a4 {0-1 Sadhwani,R (2628)-Muradli,M (2537) Junior Speed Qual blitz 2022 (1.24)}) ({RR} 10. O-O-O Kg8 11. f4 Bg4 12. Nde2 Bd7 13. h3 Qa5 14. g4 b5 15. e5 b4 16. exf6 bxc3 17. Nxc3 Be6 18. fxe7 Nxe7 19. Qxd6 Rfe8 20. Bb5 Rec8 21. Qxe7 Rxc3 22. bxc3 Qxb5 23. Rd4 Qc6 24. Rhd1 Qxc3 {0-1 Kohnen,M (1837)-Brookfield,T (1894) World Senior Teams +50 2024 (8.3)}) 10... Qa5 11. Nb3 Qd8 $146 ({RR} 11... Qc7 12. O-O a6 13. f4 b5 14. a3 Bb7 15. Bf3 Rac8 16. Rad1 Rfd8 17. Kh1 Na5 18. Nxa5 Qxa5 19. Qe3 Nd7 20. e5 Bxf3 21. Rxf3 dxe5 22. fxe5 b4 23. e6 Ne5 24. axb4 Rxd1+ 25. Nxd1 Qd5 26. Nc3 {0-1 Dias,H (1500)-Lage,P (2107) Leitao Academia Online op rapid 2020 (6)}) 12. h4 h5 13. O-O-O a6 14. f3 Ne5 15. Nd5 Nxd5 16. exd5 Qb6 17. g4 hxg4 18. f4 Nf3 19. Bxf3 gxf3 20. h5 Bf5 21. Qc3+ f6 22. Qxf3 Rac8 23. c3 Rh8 24. hxg6 a5 25. Nd4 Bd7 26. Rh7+ Rxh7 27. gxh7 Kh8 28. Qh5 a4 29. a3 Be8 30. Qh6 Qa5 31. Qf8+ 1-0